Kopf-an-Kopf - Länder #2 - Statistiken

Allgemein
  • Dieses Quiz wurde 18.256 mal gespielt
  • Das Durchschnittsergebnis liegt bei 12 aus 15
Antwortstatistiken
Frage Antwort % Korrekt
Welcher Staat befindet sich in der Karibik?
93%
Welches Land ist Teil der NATO (Nordatlantikpakt)?
90%
Welches Land hat die kleinere Landfläche?
88%
Wessen südlichster Punkt liegt weiter südlich?
87%
Welches Land hat mehr Nachbarländer?
82%
Welches Land hat insgesamt längere Staatsgrenzen?
82%
Was ist geografisch näher an Indien gelegen?
80%
Welches Land hat den älteren Präsidenten?
79%
Wo wurden weder Olympische Sommer- noch Winterspiele ausgetragen?
79%
Wessen Volksbezeichnung (Demonym) endet im Plural auf -en?
78%
Welches ist ein Binnenstaat?
75%
Welches Land hat weniger Einwohner?
74%
Wo ist die jährliche Durchschnittstemperatur höher?
67%
Wo leben mehr Menschen?
67%
Welches Land hat das höhere Bruttoinlandsprodukt (BIP) pro Kopf?
66%
Keine übereinstimmenden Quizze gefunden
Verteilung der Resultate
Anzahl Personen mit jedem Resultat
Perzentil nach korrekt beantworteten Fragen
Ihre Resultats-Entwicklung
Sie haben dieses Quiz noch nicht gespielt